01068nam a2200253Ia 450000500170000000800410001702000150005804000180007304100080009124500980009926000650019730000180026249000250028050400280030565000310033365100780036465100770044265100730051965100910059270000330068370000320071670000330074876500330078120211111074826.0130821s1996 mx gr spa  a9681647408 aCo-BoUCMbspa00aspa00aAmérica Latina en un mundo nuevocAbraham F. Lowenthal y Gregory F. Treverton, compiladores aMéxico D.F. (México)bFondo de Cultura Económicac1996 a314 páginas aPolítica y Derecho aIncluye bibliografía.04aRelaciones internacionales aAmérica LatinabRelaciones internacionalesvEnsayos, conferencias, etc. aAmérica LatinaxIntegración económicavEnsayos, conferencias, etc. aAmérica LatinaxPolítica y gobiernovEnsayos, conferencias, etc. aAmérica LatinaxRelaciones económicas internacionalesvEnsayos, conferencias, etc.1 aLowenthal, Abraham F.ecomp.1 aSuárez, Eduardo L.etrad.1 aTreverton, Gregory F.ecomp. aLatin America in a New World